000 00301nam a22001337a 4500
008 170516b xxu||||| |||| 00| 0 eng d
020 _a9780321070876
041 _aeng
080 _24 ED
_a94
100 _a16
101 _aSHH
245 _aCIVIZATION IN THE WEST
_cKISHLANKY.M
942 _2udc
_cBK
999 _c13354
_d13354